00923nam a2200253 i 450000100060000000300090000600500170001500700030003200800410003508000110007608000110008710000330009824500790013126000700021030000270028049000550030753000350036265000230039765000260042065000350044683000550048185200220053685601110055849529ES-MaACL20250809062548.0t|030717s1880 sp ||||1| spa d a340.12 a347.131 aCosta, Joaquín,d1846-191110aTeoría del hecho jurídico individual y social / cpor Joaquín Costa. aMadrid : b[s.n.], c1880 (fImp. de la Revista de Legislación) aXVI, 377 p. ; c22 cm.1 aBiblioteca jurídica de autores españoles ; v7 aDisponible en formato digital. 4aActos jurídicos. 4aDerecho-xFilosofía 7aDerecho consuetudinario2embne1 aBiblioteca jurídica de autores españoles ; v7 aES-MaACLjF-14637 uhttp://www.derechoaragones.es/es/consulta/registro.do?id=600247 zBiblioteca Virtual de Derecho Aragonés